Bilecik Bilecik Bilecik Bilecik Bilecik

367 numaralı Muhâsebe-i Vilâyet-i Rûm-ili defteri ile 114, 390 ve 101 numaralı İcmâl defterleri (920-937 / 1514-1530) ; 367 numaralı Muhâsebe-i Vilâyet-i Rûm-ili defteri ile 94 ve 1078 numaralı Avlonya livâsı tahrir defterleri (926-1520 / 937-1530)/ (Record no. 19677)

MARC details
000 -BAŞLIK
Sabit Uzunluktaki Kontrol Alanı 02824nam a22005057a 4500
001 - KONTROL NUMARASI
Control Dosyası 0019720
003 - KONTROL NUMARASI KİMLİĞİ
Kontrol Alanı KOHA_MİRAKIL
005 - EN SON İŞLEM TARİHİ ve ZAMANI
Kontrol Alanı 20260207002242.0
007 - FİZİKSEL TANIM SABİT ALAN - GENEL BİLGİ
Sabit uzunluklu kontrol alanı ta
008 - SABİT UZUNLUKTAKİ VERİ ÖGELERİ - GENEL BİLGİ
Sabit Alan 100714b2007 tu |||gr||||#||||0|tur |
020 ## - ISBN - ULUSLARARASI STANDART KİTAP NUMARASI
Isbn 9789751940377
Nitelik bilgileri (set)
020 ## - ISBN - ULUSLARARASI STANDART KİTAP NUMARASI
Isbn 9789751940384
Nitelik bilgileri (c.1)
020 ## - ISBN - ULUSLARARASI STANDART KİTAP NUMARASI
Isbn 9789751940391
Nitelik bilgileri (c.2)
020 ## - ISBN - ULUSLARARASI STANDART KİTAP NUMARASI
Isbn 9789751943286
Nitelik bilgileri (c.3)
020 ## - ISBN - ULUSLARARASI STANDART KİTAP NUMARASI
Isbn 9789751943293
Nitelik bilgileri (c.4)
Kullanılabilirlik koşulları 0,01
040 ## - KATALOGLAMA KAYNAĞI
Özgün Kataloglama Kurumu TR-BiSEU
Kataloglama Dili tur
Çeviri Kurumu TR-BiSEU
Açıklama Kuralları rda
041 0# - DİL KODU
Metin ya da ses kaydının dil kodu tur
044 ## - YAYINLAYAN/ÜRETEN KURULUŞUN ÜLKE KODU
ISO country code tu
050 ## - SINIFLAMA ve YER NUMARASI
Sınıflama Numarası HD848.Z9
Yer Numarası U2 2007
245 0# - ESER ADI BİLDİRİMİ
Başlık 367 numaralı Muhâsebe-i Vilâyet-i Rûm-ili defteri ile 114, 390 ve 101 numaralı İcmâl defterleri (920-937 / 1514-1530) ; 367 numaralı Muhâsebe-i Vilâyet-i Rûm-ili defteri ile 94 ve 1078 numaralı Avlonya livâsı tahrir defterleri (926-1520 / 937-1530)/
Sorumluluk Bildirimi [proje yöneticisi, Yusuf Sarınay ; proje sorumluları, Mustafa Budak, Önder Bayır, Ahmet Zeki İzgöer ; yayına hazırlayanlar, Ahmet Özkılınç ... ve bşk]..
264 #1 - ÜRERİM, YAYIN, DAĞITIM ve TELİF BİLDİRİMİ
Yayın yeri Ankara :
Yayınlayan T.C. Başbakanlık, Devlet Arşivleri Genel Müdürlüğü, Osmanlı Arşivi Daire Başkanlığı
Yayın tarihi 2007
300 ## - FİZİKSEL TANIMLAMA
Sayfa, Cilt vb. 4 c.: harita; 34 cm.
336 ## - İÇERİK TÜRÜ
Content type term metin
Content type code txt
Source rdacontent
337 ## - MEDYA TÜRÜ
Media type term aracısız
Media type code n
Source rdamedia
338 ## - TAŞIYICI TÜRÜ
Carrier type term cilt
Carrier type code nc
Source rdacarrier
490 1# - DİZİ BİLDİRİMİ
Dizi Bildirimi Defter-i hâkân dizisi ;
Cilt Numarası 11-12 Yayın / T.C.
490 1# - DİZİ BİLDİRİMİ
Dizi Bildirimi Başbakanlık, Devlet Arşivleri Genel Müdürlüğü, Osmanlı Arşivi Daire Başkanlığı ;
Cilt Numarası nu.
490 1# - DİZİ BİLDİRİMİ
Dizi Bildirimi 89-90, 93-94
500 ## - GENEL NOT
Genel Not Includes indexes.
500 ## - GENEL NOT
Genel Not v.1. Karlı-ili, Agrıboz, Mora, Rodos ve Tırhala livâları : Dizin -- v.2. Karlı-ili, Agrıboz, Mora, Rodos ve Tırhala livâları : Tıpkıbasım -- v.3. Yanya, İskenderiye, Ohri, İl-basan ve Avlonya livâları ile Dukakin Vilâyeti : Dizin -- v.4. Yanya, İskenderiye, Ohri, İl-basan ve Avlonya livâları ile Dukakin Vilâyeti : Tıpkıbasım
500 ## - GENEL NOT
Genel Not Facsim. of mss. in Turkish in Arabic script, with introductory material in modern Turkish.
650 #0 - KONU BAŞLIĞI EK GİRİŞ - KONU TERİMİ
Konusal terim veya coğrafi ad Rumelia--History, 16th century--Sources.
9 (RLIN) 43974
650 #0 - KONU BAŞLIĞI EK GİRİŞ - KONU TERİMİ
Konusal terim veya coğrafi ad Cadastres--Rumelia.
9 (RLIN) 39478
650 #0 - KONU BAŞLIĞI EK GİRİŞ - KONU TERİMİ
Konusal terim veya coğrafi ad Rumelia--Economic conditions--Sources.
9 (RLIN) 43969
650 #0 - KONU BAŞLIĞI EK GİRİŞ - KONU TERİMİ
Konusal terim veya coğrafi ad Turkey--History, Süleyman I, 1520-1566--Sources.
9 (RLIN) 43961
650 #0 - KONU BAŞLIĞI EK GİRİŞ - KONU TERİMİ
Konusal terim veya coğrafi ad Land tenure--Turkey--Sources.
9 (RLIN) 39479
650 #0 - KONU BAŞLIĞI EK GİRİŞ - KONU TERİMİ
Konusal terim veya coğrafi ad Aitōlia kai Akarnania (Greece)--History, 16th century--Sources.
9 (RLIN) 43975
650 #0 - KONU BAŞLIĞI EK GİRİŞ - KONU TERİMİ
Konusal terim veya coğrafi ad Peloponnesus (Greece)--History, 16th century--Sources.
9 (RLIN) 43976
650 #0 - KONU BAŞLIĞI EK GİRİŞ - KONU TERİMİ
Konusal terim veya coğrafi ad Trikala (Greece)--History, 16th century--Sources.
9 (RLIN) 43977
650 #0 - KONU BAŞLIĞI EK GİRİŞ - KONU TERİMİ
Konusal terim veya coğrafi ad Euboea Island (Greece)--History, 16th century--Sources.
9 (RLIN) 43978
830 1# - SERİ EK GİRİŞİ - TEKBİÇİM ESER ADI
Tekbiçim Başlık Defter-i hâkân dizisi ;
Volume number/sequential designation 11-12 Yayın / T.C.
9 (RLIN) 43979
830 1# - SERİ EK GİRİŞİ - TEKBİÇİM ESER ADI
Tekbiçim Başlık Başbakanlık, Devlet Arşivleri Genel Müdürlüğü, Osmanlı Arşivi Daire Başkanlığı ;
Volume number/sequential designation nu.
9 (RLIN) 43959
830 1# - SERİ EK GİRİŞİ - TEKBİÇİM ESER ADI
Tekbiçim Başlık 89-90, 93-94
9 (RLIN) 43980
942 ## - EK GİRİŞ ÖGELERİ (KOHA)
Source of classification or shelving scheme Library of Congress Classification
Koha item type Book
Holdings
Materyal Türü Kalıcı Konum Mevcut Konum Raf Yeri Sınıflandırma Kaynağı Edinim Bilgisi Ana Konular Alt Konular Yer Numarası Cilt Bilgisi Demirbaş Numarası Fatura Tarihi Geri Çekilme Durumu Kayıp Durumu Hasarlı Durumu Kredi için değil Kayıt Tarih Toplam Ödünçverme Son Görülme Tarihi Son Kontrol Tarihi Genel / Bağış Notu
Book Prof. Dr. Azmi Özcan Kütüphanesi Prof. Dr. Azmi Özcan Kütüphanesi Uluğbey Salonu Library of Congress Classification Bağış SOSYAL BİLİMLER Endüstriler, Arazi Kullanımı, İşgücü HD848.Z9 U2 2007 c.1 0019720 13/08/2010         14/07/2010   05/12/2024 05/12/2024 Genel Bağış
Book Prof. Dr. Azmi Özcan Kütüphanesi Prof. Dr. Azmi Özcan Kütüphanesi Uluğbey Salonu Library of Congress Classification Bağış SOSYAL BİLİMLER Endüstriler, Arazi Kullanımı, İşgücü HD848.Z9 U2 2007 c.2 0019721 13/08/2010         14/07/2010   05/12/2024 05/12/2024 Genel Bağış
Book Prof. Dr. Azmi Özcan Kütüphanesi Prof. Dr. Azmi Özcan Kütüphanesi Uluğbey Salonu Library of Congress Classification Bağış SOSYAL BİLİMLER Endüstriler, Arazi Kullanımı, İşgücü HD848.Z9 U2 2007 c.3 0019722 13/08/2010         14/07/2010   05/12/2024 05/12/2024 Genel Bağış
Book Prof. Dr. Azmi Özcan Kütüphanesi Prof. Dr. Azmi Özcan Kütüphanesi Uluğbey Salonu Library of Congress Classification Bağış SOSYAL BİLİMLER Endüstriler, Arazi Kullanımı, İşgücü HD848.Z9 U2 2007 c.4 0019723 13/08/2010         14/07/2010   05/12/2024 05/12/2024 Genel Bağış